=LDR 00000nam 2200000 4500 =001 NUTBA000000000000302 =005 20140328103433.0 =006 =007 =008 =020 ##$$a 978-602-98172-1-8 =035 ##$$a 0010-031400000000301 =082 ##$$a 425 =245 ##$$a cepat hafal grammar lewat humor =260 ##$$a yogyakarta $b javalitera $c 2010 =300 ##$$a 194 hlm $b ilus $c 11,5 x 19 cm =850 ##$$a NBPNMAT =990 ##$$a 90793/BPAP-NTB/2014 =990 ##$$a 91283/BPAP-NTB/2014 =990 ##$$a 91856/BPAP-NTB/2014 =990 ##$$a 21400613/BPAP-NTB/20142014